000 01222nam a2200325 c 4500
003 BLK
005 20180422102831.0
008 180408b bul|||||r ||||||| ||bul||
010 _aKNG00070766000
020 _a954-01-1831-Х
_bиздат.: Просвета
040 _aBLK
041 _aBUL
_cBUL
080 _aБългарски език
_b811.163.2
_x-15(035)
_z811.163.2-15(035)
100 1 _aМурдаров, Владко Данаилов
_eпърви автор
_9366170
139 _aМурдаров, Владко Данаилов
_bМ 95
245 1 0 _a[Деветдесет и девет] 99 съвета за българския правоговор
_cВладко Данаилов Мурдаров.
257 _aBGR
260 София
_bПросвета
_c2006
_fСофия : Инвестпрес
300 _a176 с.
_c21 см
380 _a80
490 1 _aПоредица Родна реч
650 4 _aБългарски език - правоговор
_9260154
653 _aбългарски език
653 _aправоговор
852 _aЦб 230865
856 4 _qpdf
_u
856 4 _qpdf
_u
942 _cKNG
_n0
944 _aCR
_c25.01.2007
_kЦветанка_Енчева
944 _aED
_c26.03.2007
_k
999 _c66469
_d66469